| 000 | 00000nam##2200000za#4500 |
| 001 | 9.570692 |
| 003 | CaOODSP |
| 005 | 20210624182350 |
| 007 | cr ||||||||||| |
| 008 | 150406|2006||||xxc|||||o f|0| 0 eng|d |
| 022 | |a1919-5087 |
| 040 | |aCaOODSP|beng |
| 043 | |an-cn--- |
| 086 | 1 |aFs70-6/2006-033E-PDF |
| 110 | 1 |aCanada. |bDepartment of Fisheries and Oceans. |bQuebec Region. |
| 245 | 10|aAssessment of the Atlantic mackerel for the northwest Atlantic (subareas 3 and 4) in 2005 |h[electronic resource] |
| 260 | |aMont-Joli - Quebec : |bFisheries and Oceans Canada. |cJuly 2006. |
| 300 | |a17p.|bcoloured maps, figs. (some coloured), graphs, references, tables, photographs |
| 490 | 1 |aCanadian Science Advisory Secretariat science advisory report |x1919-5087|v2006/033, Quebec Region |
| 590 | |a11-15-Supp|b2011-08-22 |
| 775 | 08|tÉvaluation du stock de maquereau bleu du nord-ouest de l'Atlantique (sous-régions 3 et 4) en 2005 |w(CaOODSP)9.601340 |
| 830 | #0|aScience advisory report (Canadian Science Advisory Secretariat)|x1919-5087|v2006/033, Quebec Region|w(CaOODSP)9.506226 |
| 856 | 40|ahttp://publications.gc.ca|qPDF|s560 KB|uhttps://publications.gc.ca/collections/collection_2011/mpo-dfo/Fs70-6-2006-033-eng.pdf|y2006/033, Quebec Region |